| 000 | 00548nam a22001697a 4500 | ||
|---|---|---|---|
| 003 | NUST | ||
| 038 | _aNusrat Nadeem | ||
| 082 | _a200 | ||
| 100 |
_aKhan, Muhammad Zeeshan _9125120 |
||
| 245 |
_aOlive fruits identification using AI and Edge Computing/ _cMuhammad Zeeshan Khan, |
||
| 264 |
_aIslamabad; _bSEECS NUST; _c2024; |
||
| 300 |
_a67,p; _bill; _c30,cm. |
||
| 650 |
_aMS-Electrical Engineering _923567 |
||
| 700 |
_aSupervisor: Dr. Sajjad Hussain _996913 |
||
| 856 | _uhttp://10.250.8.41:8080/xmlui/handle/123456789/45385 | ||
| 942 |
_2ddc _cSC |
||
| 999 |
_c610891 _d610891 |
||